000 00686nam a2200265Ia 4500
001 33570
005 20240114001653.0
007 ta
008 061226s1971 g b000 u 465 u
040 _aCotton College,Assam
041 _a465
082 _a420
_bF 381 L
100 _aFerguson, A..
245 0 _aLanguage Structure and Language Use /
_cA.Ferguson.
_hTextual Documents
250 _a1st ed. /
260 _aCalifornia :
_bStanford University Press ,
_c©1971.
300 _a327p. ;
_c22cm.
500 _ap
653 _aLinguistics
653 _aEnglish language
653 _aG-Languages
942 _2ddc
_cBK
999 _c33552
_d33552